000 00570nam a22001697a 4500
005 20231027103234.0
008 231027b |||||||| |||| 00| 0 eng d
020 _a0409060879
041 _aEnglish
082 _a657 DUP
100 _aDu Plooy, SM, Gilliland U and van Rooyen JP
_lEnglish
245 _aAccounting for Attorneys /
_cSM Du Plooy, U Gilliland and JP van Rooyen
260 _aDurban:
_bButterworth Publishers (Pty) Ltd,
_c1997
300 _bvii, 265 pages ;
_c22, 7 cm.
650 _aLegal practice
_bLaw
942 _cBK
_6ALISON_BN_VRIES
999 _c113
_d113